Mathematics for elementary teachers (Record no. 41558)
[ view plain ]
| 000 -LEADER | |
|---|---|
| fixed length control field | 00378nam a2200157Ia 4500 |
| 020 ## - INTERNATIONAL STANDARD BOOK NUMBER | |
| ISBN | 0- 201- 03227- 9 |
| 050 ## - CALL MARK | |
| Classification number | QA 39.2 .H395/ |
| 100 ## - STATEMENT OF RESPONSIBILITY--MAIN AUTHOR NAME | |
| Personal name | Ruth E. Heintz |
| 245 #0 - TITLE STATEMENT | |
| Title | Mathematics for elementary teachers |
| 260 ## - PUBLICATION, DISTRIBUTION, ETC. (IMPRINT) | |
| Name of publisher | Addison Wesley |
| 260 ## - PUBLICATION, DISTRIBUTION, ETC. (IMPRINT) | |
| Year of publication | 1980 |
| 300 ## - PHYSICAL DESCRIPTION | |
| Number of Pages | 492 p |
| 942 ## - ADDED ENTRY ELEMENTS (KOHA) | |
| Koha item type | Books |
No items available.